Tales of old Shanghai

Bibliographic Details
Main Author: Earnshaw, Graham
Format: Book
Published: Hong Kong : China Economic Review Publishing (HK) Limited , 2008
Subjects:

MARC

LEADER 00000cam a2200000 7i4500
001 0000140657
005 20100813.0
020 |a 9789881762115 
090 0 0 |a 951.009511232   |b EAR 
100 1 |a Earnshaw, Graham 
245 1 0 |a Tales of old Shanghai   |c written and edited by Graham Earnshaw 
260 |a Hong Kong :   |b China Economic Review Publishing (HK) Limited ,   |c 2008 
300 |a 149p. ;   |c 21cm. 
651 0 |a Shanghai (China)   |x History 
651 0 |a Shanghai (China)   |x History   |x Anecdotes 
999 |a 00238459   |b BUKU   |c PINJAMAN   |e PERPUSTAKAAN KOMUNITI PETALING JAYA